Me llamo Rigoberta Menchú y así me nació la conciencia /

Testimonio personal de la luchadora social en pro de los derechos humanos e indígenas en su Guatemala natal, receptora de los premios Nobel de la Paz y Príncipe de Asturias de Cooperación Internacional. Rigoberta Menchú Tum, indígena quiché de San Miguel Uspatán, da a conocer de primera mano las con...

وصف كامل

محفوظ في:
التفاصيل البيبلوغرافية
المؤلف الرئيسي: Burgos, Elizabeth (autor)
التنسيق: كتاب
اللغة:الإسبانية
منشور في: México : Siglo XXI, 1985, c1985
سلاسل:(Historia Inmediata)
الموضوعات:
الوسوم: إضافة وسم
لا توجد وسوم, كن أول من يضع وسما على هذه التسجيلة!

MARC

LEADER 00000nam^a2200000^a^4500
001 000338024
005 20250521000000.0
009 20260526141021.37
020 |a 968-23-1315-5 
037 |a Acervo Xavier Clavigero 
041 |a ESP 
082 |a 320. 9728105  |b BUR 
100 |a Burgos, Elizabeth  |e (autor) 
240 1 1 |a [Me llamo Rigoberta Menchú] 
245 1 0 |a Me llamo Rigoberta Menchú y así me nació la conciencia /  |c E. Burgos. 
264 4 |a México :  |b Siglo XXI,  |c 1985, c1985 
300 |a 287 p. 
336 |a texto  |b txt  |2 rdacontenido 
337 |a sin mediación  |b n  |2 rdamedio 
338 |a volumen  |b nc  |2 rdasoporte 
440 1 |a (Historia Inmediata) 
520 |a Testimonio personal de la luchadora social en pro de los derechos humanos e indígenas en su Guatemala natal, receptora de los premios Nobel de la Paz y Príncipe de Asturias de Cooperación Internacional. Rigoberta Menchú Tum, indígena quiché de San Miguel Uspatán, da a conocer de primera mano las condiciones de vida de los indígenas guatemaltecos, así como las razones y actividades de su activismo político. 
649 |a XX 
650 |a Mujeres Guatemaltecas -  |x Condiciones Sociales y Culturales 
650 |a Quichés -  |x Condiciones Sociales y Culturales 
650 |a Mayas -  |x Condiciones Sociales y Culturales 
650 |a Indígenas de América Central -  |z Guatemala -  |x Condiciones Políticas 
650 |a Indígenas de América Central -  |z Guatemala -  |x Condiciones Jurídicas 
650 |a Indígenas de América Central -  |z Guatemala -  |x Condiciones Sociales y Culturales 
650 |a Pacifistas Guatemaltecos 
650 |a Dirigentes Populares Guatemaltecos 
650 |a Militantes Políticos Guatemaltecos 
650 |a Derechos Humanos -  |z Guatemala 
650 |a Movimientos Indígenas -  |z Guatemala 
650 |a Movimientos Sociales -  |z Guatemala 
650 |a Negociación y Mediación Política -  |z Guatemala 
650 |a Política -  |z Guatemala -  |x Historia -  |y Siglo XX 
650 |a Menchú, Rigoberta -  |x Tema Principal 
910 |a Fondo General 
920 |a Impresos - Libros 
930 |a Colección General 
905 |a 101 
901 |a 0500168631  |b IT1  |c ACC  |u 20250521 
902 |a https://opac.biblio.iteso.mx/vufind/Record/000338024